000 00525aab a2200181 4500
001 768714001
003 CO-MdFUSB
005 20240614141837.0
008 170524s2001 cr ||||| |||| 00| 0 spa d
022 _a1409-1968
040 _aCO-MdFUSB
_bspa
_cCO-MdFUSB
_dCO-MdFUSB
041 _aspa
100 1 _aNúñez, Emilio A.
_eautor
245 1 0 _aAmsterdam 2000
_c/ Emilio A. Núñez
773 0 _tApuntes Pastorales
_049442
_960162
_gVolumen 18. Número 2 (2001), páginas 22-23
_qPágina 22
942 _cANA
945 _aJTF-925
999 _c60166
_d60166